000 00436nam a2200157Ia 4500
005 20250131022643.0
008 240331s9999 xx 000 0 und d
020 _a817013112X
082 _bTHE
_a954
245 4 _aThe history of Ceylon from the earliest times to 1600 A.D
260 _aNew Delhi
_bBooksellers and publishers
_c1993
300 _a445 p .,
500 _aThe History of Ceylon
700 _aFerguson, D.
_eedt
942 _cL
999 _c3475
_d3475